| 000 | 00489nam a22001817a 4500 | ||
|---|---|---|---|
| 005 | 20160624122357.0 | ||
| 010 | _aENG-115175 | ||
| 020 |
_a9789385288432 _c399.00 |
||
| 035 | _aEN-98707 | ||
| 037 | _bDBAD/PUB | ||
| 082 | _aN | ||
| 100 | _aMolteno, Marion | ||
| 245 |
_aUncertain light / _cby Marion Molteno |
||
| 260 |
_aNew Delhi _bSpeaking Tiger _c2015 |
||
| 270 |
_a4381/4, Ansari Road, Daryaganj, _bNew Delhi _e110002 |
||
| 300 |
_a394p. _c23cm(pbk) |
||
| 942 |
_2ddc _cEN _mMOL _hN |
||
| 999 |
_c100135 _d100135 |
||